00983nam a22001817a 4500003000900000008004100009040007100050082001600121110001700137245002300154260003500177300002500212440002100237505047900258650002100737650002500758650001800783AR-CdUCM190318b ||||| |||| 00| 0 spa d aMUNICIPALIDAD PROVINCIAL DEL CUSCOcBIBLIOTECA MUNICIPAL DEL CUSCO a603 /bED24 aEDISAN, S.A. aMedicina Natural / aMadrid :bEdisan S.A. ,c1987. a18 tómosc27.6 cm. aMedicina Natural aContenido : t.1: Hierbas curativas (plantas herbáceas) -- t.2: Alimentación y cocina Natural -- t.3: Reumatismo, artrosis y lumbalgias -- t.4: Hierbas Curativas - Plantas Perennes y Arbustos -- t.8: La curación por la fruta y la verdura -- t.9: Las plantas medicinales t.14: La homeopatia -- t.17: La curación por el agua (hidroterapia y crenoterapia)-- 18: Miel, jalea, polen y própolis --t.19: Limón, ajo y cebolla -- t.20: Infartos y trastornos circulatorios. aMedicina Natural aMedicina Alternativa aHervoristeria